Textbook of Nursing Management & Services for BSc Nursing (Record no. 159441)

MARC details
000 -LEADER
fixed length control field 00452nam a2200145Ia 4500
008 - FIXED-LENGTH DATA ELEMENTS--GENERAL INFORMATION
fixed length control field 230519s9999 xx 000 0 und d
020 ## - INTERNATIONAL STANDARD BOOK NUMBER
International Standard Book Number 978-93-88178-62-4
041 ## - LANGUAGE CODE
Language code of text/sound track or separate title eng
082 ## - DEWEY DECIMAL CLASSIFICATION NUMBER
Classification number AD/610.6/BEE/DB0828
100 ## - MAIN ENTRY--PERSONAL NAME
Personal name Beena MR; Hari Krishna GL & Kiruba JC
9 (RLIN) 180496
245 ## - TITLE STATEMENT
Title Textbook of Nursing Management & Services for BSc Nursing
260 ## - PUBLICATION, DISTRIBUTION, ETC. (IMPRINT)
Name of publisher, distributor, etc. CBS Publishers & Distributors
Place of publication, distribution, etc. New Delhi
Date of publication, distribution, etc. 2020
300 ## - PHYSICAL DESCRIPTION
Extent 226
Holdings
Withdrawn status Lost status Damaged status Not for loan Collection code Home library Current library Date acquired Cost, normal purchase price Bill number Total Checkouts Full call number Barcode Checked out Date last seen Date last checked out Bill Date Koha item type Original Barcode
          Smt. Bakul Tambat Institute of Nursing Education Smt. Bakul Tambat Institute of Nursing Education 25/02/2021 652.00 1604 1 AD 610.6 BEE DB0828 BTIN-DB-828 23/02/2026 26/08/2025 26/08/2025 25/02/2021 Donated Book DB0828